| 000 | 00805nam a2200193 i 4500 | ||
|---|---|---|---|
| 001 | 188372 | ||
| 003 | ES-MaACL | ||
| 005 | 20251002204754.0 | ||
| 008 | 180905s1921 fr |||| | fre d | ||
| 245 | 0 | 0 |
_aTraité de pathologie médicale et de thérapeutique appliquée. _nXVIII, _pTuberculose. Tome 2. La tuberculose de l'enfant et de l'adulte, les tuberculoses viscérales / _cpar L. Ribadeau-Dumas, Emile Sergent, Gimbert,... [et al.]. |
| 260 |
_aParis : _bA. Maloine, _c1921. |
||
| 300 |
_aVIII, 811 p. : _bil. ; _c21 cm. |
||
| 650 | 0 | 7 |
_aTuberculosis _2embne _917658 |
| 650 | 0 | 7 |
_aTuberculosis en niños _2embne _917659 |
| 700 | 1 |
_aRibadeau-Dumas, Louis ( _d1876-1951) _9151844 |
|
| 700 | 1 |
_aSergent, Émile, _d1867-1943 _9151848 |
|
| 852 |
_aES-MaACL _jC-16748 |
||
| 999 |
_c188372 _d188372 |
||